000
00319nam a2200145Ia 4500
100
_a
Gothmann/William H
250
_a
3
942
_c
BK
654
_a
digital
245
_a
Digital electronics 2nd ed
260
_b
Prentice Hall
_a
New Delhi
_c
1995
082
_a
621.3815
_b
GOT
300
_a
383
546
_a
ENGLISH
999
_c
27585
_d
27585